Name the Show to Broadway Theater - Statistics

General Stats
  • This quiz has been taken 41 times
    12 since last reset
  • The average score is 16 of 34
Answer Stats
Theater Show % Correct
Walter Kerr Hadestown
90%
Richard Rodgers Hamilton
90%
Al Hirschfeld Moulin Rouge
90%
Eugene O'Neill The Book of Mormon
90%
Gershwin Wicked
90%
New Amsterdam Aladdin
80%
Winter Garden Back to the Future: The Musical
80%
Stephen Sondheim & Juliet
80%
Neil Simon MJ the Musical
80%
Bernard B. Jacobs The Outsiders
80%
Ambassador Chicago
70%
Shubert Hell's Kitchen
70%
Broadway The Great Gatsby
70%
August Wilson Cabaret
60%
Lena Horne SIX
60%
Minskoff The Lion King
60%
Lyric Harry Potter and the Cursed Child
50%
Music Box Suffs
50%
Imperial Water for Elephants
50%
Hudson Once Upon a Mattress (Closing November 30th)
40%
Gerald Schoenfeld The Notebook
40%
Westside (Upstairs) Little Shop of Horrors
30%
Lyceum Oh, Mary! (Closing September 15th)
30%
John Golden Stereophonic (Closing January 5th)
30%
Hayes JOB (Closing September 29th)
10%
Daryl Roth Titanique: Une Parodie Musicale
10%
Stage 42 Dungeons & Dragons: The Twenty-Sided Tavern
0%
New World Stages Stage I Empire The Musical (Closing September 22nd)
0%
New World Stages Stage II Katsura Sunshine’s Rakugo
0%
Mitzi E. Newhouse N/A (Closing September 1st)
0%
The Pershing Square Signature Center/Romulus Linney Courtyard someone spectacular (Closing September 7th)
0%
New World Stages Stage III Stalker (Closing September 1st)
0%
Theatre at St. Clement’s The Meeting: The Interpreter (Closing August 25th)
0%
New World Stages Stage IV The Play That Goes Wrong
0%
No matching quizzes found
Score Distribution
Percent of People with Each Score
Percentile by Number Answered
Your Score History
You have not taken this quiz since the last reset